Générique T.U.F.F Puppy - Paroles - Statistiques

Statistiques générales
  • Ce quiz a été pris 2 fois
  • Le résultat moyen est 10 sur 15
Statistiques - réponses
Paroles % Correct
C'est l'agent Tuff {Puppy}
100%
C'est l'agent Tuff {Puppy}
100%
Et maintenant, c'est un super agent {secret}
100%
L'agent Tuff {Puppy}
100%
L'agent Tuff {Puppy}
100%
Tuff {Puppy}
100%
Tuff {Puppy}
100%
Un bon chien qui met son {nez}
100%
Dudley Puppy était un gentil {molosse}
50%
Gentil {molosse}
50%
Mais quand les {méchants} ont attaqué
50%
Pile là où sont les {bandits}
50%
Il grattait, il crevait, il s'mordait les {fesses}
0%
Les T.U.F.F. l'ont {embauché}
0%
S'mordait les {fesses}
0%
Aucun quiz correspondant
Distribution des résultats
% des personnes avec chaque résultat
Percentile par nombre de réponses
Votre historique - résultats
Vous n’avez pas pris ce quiz